Historia de la filosofía del derecho y del estado / (Record no. 106538)

MARC details
000 -LEADER
fixed length control field 00708cam a2200217 4500
005 - DATE AND TIME OF LATEST TRANSACTION
control field 20170821095845.0
008 - FIXED-LENGTH DATA ELEMENTS--GENERAL INFORMATION
fixed length control field 170821t1998 sp |||||| ||| ||spa
020 ## - INTERNATIONAL STANDARD BOOK NUMBER
International Standard Book Number 8420689963
050 04 - LIBRARY OF CONGRESS CALL NUMBER
Classification number K215.S63
Item number T78 1998
100 1# - MAIN ENTRY--PERSONAL NAME
Personal name Truyol y Serra, Antonio
245 10 - TITLE STATEMENT
Title Historia de la filosofía del derecho y del estado /
Statement of responsibility, etc Antonio Truyol y Serra.
250 ## - EDITION STATEMENT
Edition statement 13a ed.
260 ## - PUBLICATION, DISTRIBUTION, ETC. (IMPRINT)
Place of publication, distribution, etc Madrid, España :
Name of publisher, distributor, etc Alianza,
Date of publication, distribution, etc 1998
300 ## - PHYSICAL DESCRIPTION
Extent 2 v. ;
Dimensions 23 cm.
490 #0 - SERIES STATEMENT
Series statement Alianza Universidad; Textos ;
Volume number/sequential designation AUT 40
500 ## - GENERAL NOTE
General note
504 ## - BIBLIOGRAPHY, ETC. NOTE
Bibliography, etc Incluye bibliografía e índice
505 ## - FORMATTED CONTENTS NOTE
Formatted contents note Contenido: V.1. De los orígenes a la baja edad media. -- V.2. Del renacimiento a Kant
650 #4 - SUBJECT ADDED ENTRY--TOPICAL TERM
Topical term or geographic name as entry element Derecho
General subdivision Filosofía
-- Historia.
650 #4 - SUBJECT ADDED ENTRY--TOPICAL TERM
Topical term or geographic name as entry element La ley y el Estado
General subdivision Filosofía
--
Chronological subdivision Siglo XV
942 ## - ADDED ENTRY ELEMENTS (KOHA)
Source of classification or shelving scheme Biblioteca del Cogreso de los Estados Unidos
Koha item type Libro
Holdings
Estado de pérdida Fuente de clasificación Estado del daño No para préstamo Ubicación permanente Ubicación actual Apartado o colección Fecha de adquisición Fuente de adquisición Edición Dependencia de educación superior (DES) Área del conocimiento Clasificación Código de Barras Date last seen Número de copia Tipo de recurso
  Biblioteca del Cogreso de los Estados Unidos     Biblioteca de la Facultad de Filosofía Biblioteca de la Facultad de Filosofía General 11/12/2015 Unidad Académica Genérico 13a. ed. Humanidades Educación y Humanidades K215.S63 T78 1998 BFF000015288 11/12/2015 C:1 V:2 Libro
  Biblioteca del Cogreso de los Estados Unidos     Biblioteca de la Facultad de Filosofía Biblioteca de la Facultad de Filosofía General 11/12/2015 Unidad Académica Genérico 13a. ed. Humanidades Educación y Humanidades K215.S63 T78 2004 BFF000015290 11/12/2015 C:2 V:1 Libro
  Biblioteca del Cogreso de los Estados Unidos     Biblioteca de la Facultad de Filosofía Biblioteca de la Facultad de Filosofía General 11/12/2015 Unidad Académica Genérico 13a. ed. Humanidades Educación y Humanidades K215.S63 T78 2004 BFF000015291 11/12/2015 C:3 V:1 Libro